00627nam a2200205Ia 4500008004100000050001200041050001500053100002800068245011000096245002800206260003100234260001000265260001000275300001500285300002000300300001100320500005600331521001500387999001900402170504s9999 xx 000 0 und d aBF 698  b.R427 2015 aRequiero, Kerry Anne M. aLevels of self- efficacy and emotional adjustment of middle adult female homosexuals of Parañaque city/ cKerry anne M. Requiero. aLas Piñas, Philippines : bSISC, c2015. a98 pages : billustrations ; c28 cm. aIncludes bibliographical references and appendices. aPsychology c329830d329830